Bernard Quesnay
-д хадгалсан:
| Үндсэн зохиолч: | |
|---|---|
| Формат: | Ном |
| Хэл сонгох: | испани |
| Хэвлэсэн: |
Santiago
Ercilla
1937
|
| Нөхцлүүд: | |
| Шошгууд: |
Шошго нэмэх
Шошго байхгүй, Энэхүү баримтыг шошголох эхний хүн болох!
|
MARC
| LEADER | 00000nam a2200000 a 4500 | ||
|---|---|---|---|
| 001 | UCQ4905 | ||
| 003 | CL-VaPUC | ||
| 008 | 980910e19370000CL |||||||||||||||||spa|d | ||
| 082 | 0 | 4 | |a 843 |b MAU |2 21 |
| 100 | |a Maurois, André |e autor |9 342508 | ||
| 245 | 1 | 0 | |a Bernard Quesnay |
| 300 | |a 185 p | ||
| 942 | |c BK | ||
| 945 | |d 19980910 00:00:00 |a crobeson | ||
| 260 | |a Santiago |b Ercilla |c 1937 | ||
| 650 | 0 | |a Novela francesa |9 264985 | |
| 650 | 0 | |a Literatura francesa |9 266330 | |
| 583 | |a last modification |c 19980910 00:00:00 |k Rodrigo Vera | ||
| 999 | |c 275204 |d 275202 | ||
| 952 | |0 0 |1 0 |4 0 |6 843_000000000000000_MAU_1937 |7 0 |8 A |9 311778 |a BIBEDU |b BIBEDU |d 2019-11-20 |i 1466879 |o 843 MAU 1937 |p 1466879 |r 2019-11-20 |w 2019-11-20 |y BK |k LIT | ||